Impuestos sobre la renta : (Registro nro. 7801)

Detalles MARC
000 -LEADER
fixed length control field 00961nam a2200265 a 4500
001 - CONTROL NUMBER
control field 000026176
003 - CONTROL NUMBER IDENTIFIER
control field DO-SdBNP
005 - DATE AND TIME OF LATEST TRANSACTION
control field 20150506114825.0
007 - PHYSICAL DESCRIPTION FIXED FIELD--GENERAL INFORMATION
fixed length control field 000026176
008 - FIXED-LENGTH DATA ELEMENTS--GENERAL INFORMATION
fixed length control field 110303s1980 dr 000 0 spa d
040 ## - CATALOGING SOURCE
Original cataloging agency BPMET
Language of cataloging spa
Transcribing agency BPMET
110 2# - MAIN ENTRY--CORPORATE NAME
Corporate name or jurisdiction name as entry element República Dominicana
Subordinate unit Secretaría de Estado de Finanzas
-- Instituto de Capacitación Tributaria
245 10 - TITLE STATEMENT
Title Impuestos sobre la renta :
Remainder of title teoría y técnica del impuesto /
Statement of responsibility, etc. Roque García Mullín.
260 ## - PUBLICATION, DISTRIBUTION, ETC. (IMPRINT)
Place of publication, distribution, etc. Santo Domingo :
Name of publisher, distributor, etc. Editorial Alfa y Omega,
Date of publication, distribution, etc. 1980.
300 ## - PHYSICAL DESCRIPTION
Extent 225 p. ;
Dimensions 22 cm.
490 1# - SERIES STATEMENT
Series statement Manual de finanzas Públicas
Volume/sequential designation no.5
504 ## - BIBLIOGRAPHY, ETC. NOTE
Bibliography, etc Bibliografía : p. 223 -225
700 1# - ADDED ENTRY--PERSONAL NAME
Personal name García Mullín, Roque
830 #0 - SERIES ADDED ENTRY--UNIFORM TITLE
Uniform title Manual de finanzas Públicas
Volume number/sequential designation no. 5
930 #1 - EQUIVALENCE OR CROSS-REFERENCE-UNIFORM TITLE HEADING [LOCAL, CANADA]
Language of a work BND01
Medium of performance for music LF1
Field link and sequence number 20150210
Date of a work 04
Name of part/section of a work HD
Miscellaneous information 46972
942 ## - ADDED ENTRY ELEMENTS (KOHA)
Source of classification or shelving scheme Dewey Decimal Classification
Koha item type Libros
956 ## - LOCAL ELECTRONIC LOCATION AND ACCESS (OCLC)
Host name YPOLANCO
Access number 10
Compression information 20110303
Logon BND01
Processor of request 1620
956 ## - LOCAL ELECTRONIC LOCATION AND ACCESS (OCLC)
Host name VMATEO
Access number 10
Compression information 20110427
Logon BND01
Processor of request 1452
956 ## - LOCAL ELECTRONIC LOCATION AND ACCESS (OCLC)
Host name VMATEO
Access number 10
Compression information 20150506
Logon BMET02
Processor of request 00151
Existencias
Withdrawn status Lost status Source of classification or shelving scheme Damaged status Not for loan Collection code Home library Current library Date acquired Total Checkouts Barcode Date last seen Price effective from Koha item type
    Dewey Decimal Classification       Biblioteca Pública Metropolitana Salomé Ureña Biblioteca Pública Metropolitana Salomé Ureña 05/06/2015   BPMET15051567 05/06/2015 05/06/2015 Libros